000 00337nam a2200145Ia 4500
005 20251222140041.0
008 251222s1900||||xx |||||||||||||| ||spa||
020 _a84-309-4377-3
082 _a121.686/G12
100 _aGadamer, Hans-Georg
245 0 _aEstética y Hermeneética
250 _a3a.ed.
264 _bTecnos
942 _cLIB
999 _c3290
_d3290